| Record ID | ia:memoirsofwestmin0000reid |
| Source | Internet Archive |
| Download MARC XML | https://archive.org/download/memoirsofwestmin0000reid/memoirsofwestmin0000reid_marc.xml |
| Download MARC binary | https://www.archive.org/download/memoirsofwestmin0000reid/memoirsofwestmin0000reid_meta.mrc |
LEADER: 01025nam 2200241 4500
001 est82000045
005 20020520175751.0
008 920406r19821811stk eng
020 $a0851513573
039 $a50211$cTLC
090 $aBX9183$b.R4
100 1 $aReid, James.
245 10 $aMemoirs of the Westminster divines /$cJames Reid.
260 $aEdinburgh ;$aCarlisle, PA :$bBanner of Truth,$c1982.
300 $a390 p. ;$c23 cm.
500 $aReprint. Originally published 1811.
500 $aIncludes reproduction of original title page: Memoirs of the lives and writings of those eminent divines, who convened in the famous Assembly at Westminster, in the seventeenth century, by James Reid. Paisley: Stephen and Andrew Young, 1811.
610 0 $aWestminster Assembly (1643-1652)$xBiography.
650 0 $aPuritans$zEngland$xBiography.
740 10 $aMemoirs of the lives and writings of those eminent divines ...
930 $a970820
949 $aEST$cBX9183.R4$g39663000421958
998 $aEST$cBX9183.R4$g39663000421958